000 00366nam a2200133Ia 4500
005 20260328101443.0
008 260328s9999||||xx |||||||||||||| ||und||
100 _aSaldarriaga Roa, Alberto
245 0 _aAprender Arquitectura :
_b Un Manual de supervivencia /
_cAlberto Saldarriaga Roa
260 _bCorona
300 _a170 p.
650 _aARQUITECTURA
942 _cBK
999 _c8334
_d8334